Introduction to precision machine design and error assessment / (Record no. 32875)

000 -LEADER
fixed length control field 01412cam a2200373 a 4500
001 - CONTROL NUMBER
control field 15495755
003 - CONTROL NUMBER IDENTIFIER
control field OSt
005 - DATE AND TIME OF LATEST TRANSACTION
control field 20211105110647.0
008 - FIXED-LENGTH DATA ELEMENTS--GENERAL INFORMATION
fixed length control field 081023s2009 fluaf b 001 0 eng
010 ## - LIBRARY OF CONGRESS CONTROL NUMBER
LC control number 2008046284
020 ## - INTERNATIONAL STANDARD BOOK NUMBER
International Standard Book Number 9780849378867 (alk. paper)
035 ## - SYSTEM CONTROL NUMBER
System control number (OCoLC)263498349
035 ## - SYSTEM CONTROL NUMBER
System control number (OCoLC)ocn263498349
038 ## - RECORD CONTENT LICENSOR
Staff Name Khadija
040 ## - CATALOGING SOURCE
Original cataloging agency DLC
Transcribing agency DLC
Modifying agency C#P
-- BWX
-- YDXCP
-- CDX
-- DLC
050 00 - LIBRARY OF CONGRESS CALL NUMBER
Classification number TJ230
Item number .I65 2009
082 00 - DEWEY DECIMAL CLASSIFICATION NUMBER
Classification number 621.815
Edition number 22
Author Mark INT
100 ## - MAIN ENTRY--PERSONAL NAME
Personal name Mekid, Samir
9 (RLIN) 69222
245 00 - TITLE STATEMENT
Title Introduction to precision machine design and error assessment /
Statement of responsibility, etc. edited by Samir Mekid.
260 ## - PUBLICATION, DISTRIBUTION, ETC.
Place of publication, distribution, etc. Boca Raton :
Name of publisher, distributor, etc. CRC Press,
Date of publication, distribution, etc. c2009.
300 ## - PHYSICAL DESCRIPTION
Extent xvii, 330 p., [24] p. of plates :
Other physical details ill. (some col.) ;
Dimensions 27 cm.
490 1# - SERIES STATEMENT
Series statement Mechanical engineering series
504 ## - BIBLIOGRAPHY, ETC. NOTE
Bibliography, etc. note Includes bibliographical references and index.
563 ## - BINDING INFORMATION
Binding note Hardcover
650 #0 - SUBJECT ADDED ENTRY--TOPICAL TERM
Topical term or geographic name entry element Machine design.
9 (RLIN) 18984
650 #0 - SUBJECT ADDED ENTRY--TOPICAL TERM
Topical term or geographic name entry element Machine-tools
General subdivision Monitoring.
9 (RLIN) 83668
650 #0 - SUBJECT ADDED ENTRY--TOPICAL TERM
Topical term or geographic name entry element Measurement.
9 (RLIN) 35886
700 1# - ADDED ENTRY--PERSONAL NAME
Personal name Mekid, Samir.
9 (RLIN) 69222
830 #0 - SERIES ADDED ENTRY--UNIFORM TITLE
Uniform title Mechanical engineering series (Boca Raton, Fla.)
9 (RLIN) 32068
856 41 - ELECTRONIC LOCATION AND ACCESS
Materials specified Table of contents only
Uniform Resource Identifier <a href="http://www.loc.gov/catdir/toc/fy0904/2008046284.html">http://www.loc.gov/catdir/toc/fy0904/2008046284.html</a>
906 ## - LOCAL DATA ELEMENT F, LDF (RLIN)
a 7
b cbc
c orignew
d 1
e ecip
f 20
g y-gencatlg
942 ## - ADDED ENTRY ELEMENTS (KOHA)
Source of classification or shelving scheme
Koha item type Book
Holdings
Withdrawn status Lost status Source of classification or shelving scheme Damaged status Not for loan Permanent Location Current Location Shelving location Date acquired Full call number Barcode Date last seen Price effective from Koha item type
          School of Mechanical & Manufacturing Engineering (SMME) School of Mechanical & Manufacturing Engineering (SMME) General Stacks 12/08/2015 621.815 INT SMME-1827 03/29/2018 12/08/2015 Book
© 2023 Central Library, National University of Sciences and Technology. All Rights Reserved.